000 00649nam a22002417a 4500
999 _c418047
_d418047
001 136882
003 UA-OsUOA
005 20200506123054.0
007 ta
008 20190410b un ||||| |||| 00| 0 ukr d
040 _aUA-OsUOA
_bukr
_cUA-OsUOA
_dUA-OsUOA
041 _aukr
080 _a821
090 _a821
_bТ48
100 _aТкачук О.
245 _aНазустріч волі
_bроман
260 _aК.
_bДніпро
_c1984
300 _a855 с.
650 7 _a82 Література. Літературознавство
_2UDC
942 _cBK
_2udc
955 _a3